Computer Architecture and Organization (Record no. 33350)

MARC details
000 -LEADER
fixed length control field 00455nam a22001817a 4500
005 - DATE AND TIME OF LATEST TRANSACTION
control field 20230831141322.0
008 - FIXED-LENGTH DATA ELEMENTS--GENERAL INFORMATION
fixed length control field 230831b |||||||| |||| 00| 0 eng d
020 ## - INTERNATIONAL STANDARD BOOK NUMBER
ISBN 9781259028564
082 ## - DEWEY DECIMAL CLASSIFICATION NUMBER
Classification number 004.22
Item number HAY-C
100 ## - MAIN ENTRY--AUTHOR
Author Name Hayes,John P
245 ## - TITLE STATEMENT
Title Computer Architecture and Organization
250 ## - EDITION STATEMENT
Edition statement 3rd
260 ## - PUBLICATION, DISTRIBUTION, ETC.
Place of Publication India:
Name of publisher, distributor, etc. McGraw Hill,
Date of publication, distribution, etc. 1998.
300 ## - PHYSICAL DESCRIPTION
Pages 604 pages:
500 ## - GENERAL NOTE
General note Index Include.
650 ## - SUBJECT ADDED ENTRY--TOPICAL TERM
Subject / Department Computer Science
952 ## - LOCATION AND ITEM INFORMATION (KOHA)
-- 0
-- 0
Holdings
Lost status Damaged status Permanent Location Current Location Shelving Location Date acquired Full Call Number Accession No./Barcode Date last seen item type
    Superior Information Resource Center (SIRC) Superior University- Gold Campus Superior Information Resource Center (SIRC) Superior University- Gold Campus Computer Science 08/31/2023 004.22 HAY-C 1998 19742 08/31/2023 BOOK

Powered by Koha